[Event "Rated Blitz game"]
[Site "?"]
[Date "2021.10.20"]
[Round "?"]
[White "V_vs"]
[Black "KamranShirazi"]
[Result "0-1"]
[WhiteElo "2642"]
[BlackElo "2591"]
[PlyCount "96"]
[EventDate "2021.??.??"]
[EventType "blitz"]

1. e4 e5 2. Nf3 d5 3. d4 dxe4 4. Nxe5 Nd7 5. Nxd7 Bxd7 6. Nc3 Bf5 7. Bc4 Bd6 8.
O-O Nf6 9. Bg5 h6 10. Bxf6 Qxf6 11. Re1 O-O-O 12. Nxe4 Bxh2+ 13. Kxh2 Qh4+ 14.
Kg1 Bxe4 15. Bxf7 Rhf8 16. Qh5 Qf4 17. g3 Qf5 18. Qxf5+ Bxf5 19. Be6+ Bxe6 20.
Rxe6 Rxd4 21. Rae1 b5 22. Re7 Rd2 23. R1e2 Rfd8 24. Kf1 Rd1+ 25. Kg2 R8d2 26.
Kf3 Rxe2 27. Kxe2 Rb1 28. b3 Rb2 29. Kd3 Rxa2 30. Rxg7 a5 31. Rh7 a4 32. bxa4
Ra3+ 33. Kd2 bxa4 34. Rxh6 Rf3 35. Ke2 Rc3 36. Ra6 Rxc2+ 37. Ke3 Rc3+ 38. Kf4
Rc4+ 39. Ke5 Kb7 40. Ra5 Kb6 41. Ra8 Rc5+ 42. Kd4 Rc2 43. f4 Rg2 44. Rxa4 Rxg3
45. Ke5 c5 46. f5 Re3+ 47. Re4 Rf3 48. Rf4 Rd3 {Time forfeit} 0-1

[Event "Rated Blitz game"]
[Site "?"]
[Date "2021.10.20"]
[Round "?"]
[White "kadirakin"]
[Black "barry-allen"]
[Result "1-0"]
[WhiteElo "2464"]
[BlackElo "2374"]
[PlyCount "97"]
[EventDate "2021.??.??"]
[EventType "blitz"]

1. e4 e5 2. Nf3 d5 3. exd5 e4 4. Qe2 Nf6 5. Nc3 Be7 6. Nxe4 O-O 7. d3 Nxd5 8.
Bd2 Re8 9. O-O-O f5 10. Bc3 Nxc3 11. Nxc3 Bg5+ 12. Nxg5 Rxe2 13. Bxe2 Qxg5+ 14.
Kb1 Nc6 15. d4 Bd7 16. Bc4+ Kh8 17. g3 Re8 18. Nd5 Na5 19. Bd3 c6 20. Nf4 b5
21. h4 Qf6 22. h5 Nc4 23. b3 Nd6 24. d5 Ne4 25. Bxe4 fxe4 26. d6 a6 27. Rhe1 a5
28. a3 a4 29. b4 g5 30. hxg6 hxg6 31. Re3 g5 32. Rh1+ Kg8 33. Nh5 Qxf2 34. Ree1
Qf3 35. Ref1 Qxa3 36. Nf6+ Kg7 37. Nh5+ Kg8 38. Nf6+ Kf7 39. Nxd7+ Ke6 40. Nc5+
Kd5 41. Rd1+ Kc4 42. d7 Qxb4+ 43. Kc1 Kc3 44. Nxe4+ Rxe4 45. Rd3+ Kc4 46. d8=Q
Re1+ 47. Rxe1 Qxe1+ 48. Rd1 Qe3+ 49. Qd2 {Time forfeit} 1-0

[Event "Rated Blitz game"]
[Site "?"]
[Date "2021.10.20"]
[Round "?"]
[White "Orian21"]
[Black "Annali-annaliew1979"]
[Result "1-0"]
[WhiteElo "2334"]
[BlackElo "2434"]
[PlyCount "73"]
[EventDate "2021.??.??"]
[EventType "blitz"]

1. e4 e5 2. Nf3 d5 3. Nxe5 Qe7 4. d4 f6 5. Ng4 Nc6 6. Ne3 Qxe4 7. c3 Nge7 8.
Nd2 Qh4 9. Nf3 Qh5 10. Be2 Qf7 11. O-O Ng6 12. c4 Be6 13. Re1 Be7 14. cxd5 Bxd5
15. Bd3 Bxf3 16. Qxf3 O-O-O 17. d5 Nce5 18. Bf5+ Kb8 19. Qe4 Bd6 20. b4 Rhe8
21. Be6 Rxe6 22. dxe6 Qxe6 23. Bb2 Qc8 24. a4 Nd3 25. Reb1 Nxb2 26. Rxb2 Be5
27. Rab1 Bxb2 28. Rxb2 f5 29. Qc2 f4 30. Nc4 f3 31. a5 Qg4 32. g3 Qh3 33. Ne3
a6 34. b5 axb5 35. Rxb5 Ka8 36. a6 bxa6 37. Qc6+ {Normal} 1-0

[Event "Rated Blitz game"]
[Site "?"]
[Date "2021.10.20"]
[Round "?"]
[White "motherfather66"]
[Black "RCompany_1"]
[Result "0-1"]
[WhiteElo "2455"]
[BlackElo "2448"]
[PlyCount "26"]
[EventDate "2021.??.??"]
[EventType "blitz"]

1. e4 e5 2. Nf3 d5 3. exd5 e4 4. Qe2 Nf6 5. d3 Qxd5 6. Nc3 Bb4 7. Bd2 Bxc3 8.
Bxc3 O-O 9. dxe4 Nxe4 10. Bd4 Bg4 11. Qd3 Nc6 12. c4 Qa5+ 13. Nd2 Nxd4 {Normal}
0-1

[Event "Rated Blitz game"]
[Site "?"]
[Date "2021.10.20"]
[Round "?"]
[White "PaulChristianBarroga"]
[Black "lavilaine"]
[Result "0-1"]
[WhiteElo "2260"]
[BlackElo "2421"]
[PlyCount "44"]
[EventDate "2021.??.??"]
[EventType "blitz"]

1. e4 e5 2. Nf3 d5 3. exd5 e4 4. Qe2 f5 5. d3 Qxd5 6. dxe4 fxe4 7. Nbd2 Nf6 8.
c4 Qa5 9. Nd4 Bb4 10. N4b3 Qe5 11. a3 Bxd2+ 12. Qxd2 O-O 13. Be2 Nc6 14. O-O
Bf5 15. h3 Rad8 16. Qe3 a5 17. Re1 a4 18. Nc5 Nd4 19. Nd3 Qe7 20. Nb4 c5 21.
Nd5 Nxd5 22. cxd5 Nc2 {Normal} 0-1

[Event "Rated Blitz game"]
[Site "?"]
[Date "2021.10.20"]
[Round "?"]
[White "FaustiOro"]
[Black "Annali-annaliew1979"]
[Result "1-0"]
[WhiteElo "2453"]
[BlackElo "2406"]
[PlyCount "60"]
[EventDate "2021.??.??"]
[EventType "blitz"]

1. e4 e5 2. Nf3 d5 3. Nxe5 f6 4. Qh5+ Ke7 5. Qf7+ Kd6 6. Qxd5+ Ke7 7. Qf7+ Kd6
8. Nc4+ Kc6 9. Na5+ Kd6 10. Nc4+ Kc6 11. Nc3 b6 12. Be2 Qd7 13. Qxf8 Kb7 14.
Bf3 c6 15. Nd6+ Kc7 16. Nxc8 Qxc8 17. Qxg7+ Ne7 18. Qxe7+ Qd7 19. Qxf6 Na6 20.
d4 Rhf8 21. Qe5+ Kb7 22. Be3 Rae8 23. Qg3 Nb4 24. O-O-O Qf7 25. Kb1 Ka6 26. Qd6
Qe7 27. Qh6 Qf7 28. e5 b5 29. a3 Nd5 30. Qxc6+ Nb6 {Normal} 1-0

[Event "Rated Blitz game"]
[Site "?"]
[Date "2021.10.20"]
[Round "?"]
[White "MDA_2021"]
[Black "Annali-annaliew1979"]
[Result "1-0"]
[WhiteElo "2330"]
[BlackElo "2409"]
[PlyCount "107"]
[EventDate "2021.??.??"]
[EventType "blitz"]

1. e4 e5 2. Nf3 d5 3. exd5 e4 4. Qe2 f5 5. d3 Nf6 6. dxe4 fxe4 7. Ng5 Be7 8.
Nxe4 Nxe4 9. Qxe4 O-O 10. Bd3 Bf5 11. Qc4 Bxd3 12. Qxd3 Bd6 13. Be3 Nd7 14. Nc3
Ne5 15. Qd4 a6 16. O-O-O b5 17. Rhe1 Nc4 18. Kb1 Qd7 19. Ne4 Be5 20. Nc5 Qd6
21. Qg4 Nxe3 22. Qe6+ Kh8 23. Rxe3 Bf4 24. Qxd6 cxd6 25. Ne6 Bxe3 26. Nxf8 Bxf2
27. Ne6 h6 28. Rf1 Bh4 29. Rf7 Bf6 30. c3 Kg8 31. Rd7 Be5 32. h4 h5 33. Kc2 a5
34. a3 b4 35. axb4 axb4 36. cxb4 Rb8 37. Kb3 Rb5 38. Kc4 Rb6 39. b5 Bg3 40. Nc7
Bxh4 41. Ne8 Kf8 42. Nxd6 Be7 43. Nc8 Bd8 44. Rxd8+ Kf7 45. Nxb6 Ke7 46. Rh8 g6
47. Kc5 Kf6 48. d6 Kg7 49. Re8 Kf7 50. d7 h4 51. d8=Q g5 52. Qe7+ Kg6 53. Qe6+
Kh5 54. Rh8# {Normal} 1-0

[Event "Rated Blitz game"]
[Site "?"]
[Date "2021.10.20"]
[Round "?"]
[White "SlipKnot1133"]
[Black "Annali-annaliew1979"]
[Result "0-1"]
[WhiteElo "2471"]
[BlackElo "2397"]
[PlyCount "48"]
[EventDate "2021.??.??"]
[EventType "blitz"]

1. e4 e5 2. Nf3 d5 3. exd5 e4 4. Qe2 f5 5. d3 Nf6 6. Bg5 Be7 7. Bxf6 Bxf6 8.
Nc3 Bxc3+ 9. bxc3 O-O 10. dxe4 fxe4 11. Nd4 Qf6 12. Qe3 c5 13. dxc6 Nxc6 14.
Nxc6 bxc6 15. Bc4+ Kh8 16. O-O Qg6 17. Rad1 Bg4 18. Be2 Bf3 19. Bxf3 exf3 20.
g3 Qg4 21. Kh1 Rae8 22. Qd4 Qh3 23. Rg1 Re2 24. Rd2 Re1 {Normal} 0-1

[Event "Rated Blitz game"]
[Site "?"]
[Date "2021.10.20"]
[Round "?"]
[White "Klemos"]
[Black "RCompany_1"]
[Result "0-1"]
[WhiteElo "2583"]
[BlackElo "2446"]
[PlyCount "96"]
[EventDate "2021.??.??"]
[EventType "blitz"]

1. e4 e5 2. Nf3 d5 3. exd5 e4 4. Qe2 Nf6 5. Nc3 Be7 6. Nxe4 Nxd5 7. d3 O-O 8.
Qd1 Re8 9. Be2 c5 10. O-O Nc6 11. Bd2 Bf5 12. h3 Qc7 13. Re1 Rad8 14. a3 Nf4
15. Bxf4 Qxf4 16. Qd2 Qc7 17. Qc3 b6 18. Bf1 a5 19. g3 Qd7 20. Kh2 Nd4 21. Nxd4
cxd4 22. Qd2 Rc8 23. Bg2 Bf8 24. Re2 a4 25. Rae1 Red8 26. Qc1 b5 27. Nd2 h5 28.
Qd1 h4 29. g4 Bd6+ 30. Kg1 Be6 31. Ne4 Bb8 32. Rf1 Bf4 33. Ree1 Qc7 34. Qf3 g5
35. Re2 Kg7 36. Rfe1 Bd5 37. Rd1 Re8 38. Ree1 Qxc2 39. Qe2 Qxe2 40. Rxe2 Bb3
41. Rde1 Re6 42. f3 Be3+ 43. Kh2 Rec6 44. f4 Bxf4+ 45. Kh1 Bd5 46. Nd2 Rc2 47.
Bxd5 Rxd2 48. Rxd2 Bxd2 {Time forfeit} 0-1

[Event "Rated Blitz game"]
[Site "?"]
[Date "2021.10.20"]
[Round "?"]
[White "Samuel268"]
[Black "batasjon"]
[Result "0-1"]
[WhiteElo "2281"]
[BlackElo "2444"]
[PlyCount "50"]
[EventDate "2021.??.??"]
[EventType "blitz"]

1. e4 e5 2. Nf3 d5 3. Nxe5 Bd6 4. Nf3 dxe4 5. Qe2 Qe7 6. Nd4 Nf6 7. Nc3 O-O 8.
g3 Bg4 9. Qe3 Bc5 10. h3 Bf3 11. Rg1 Nc6 12. Nxc6 bxc6 13. Qf4 Nd5 14. Nxd5
cxd5 15. d3 exd3+ 16. Be3 Bxe3 17. fxe3 Be4 18. Bxd3 Qb4+ 19. Kf2 Qxb2 20. Bxe4
dxe4 21. Qxe4 Rae8 22. Qd3 Rd8 23. Qb3 Qf6+ 24. Kg2 Rd2+ 25. Kh1 Qf2 {Normal}
0-1

[Event "Rated Blitz game"]
[Site "?"]
[Date "2021.10.20"]
[Round "?"]
[White "hallahwakbar"]
[Black "walodelpalo"]
[Result "1-0"]
[WhiteElo "2375"]
[BlackElo "2415"]
[PlyCount "95"]
[EventDate "2021.??.??"]
[EventType "blitz"]

1. e4 e5 2. Nf3 d5 3. exd5 Bd6 4. Nc3 Nf6 5. d4 e4 6. Ng5 O-O 7. Be3 Bb4 8. Be2
Nxd5 9. Ngxe4 Re8 10. a3 Bxc3+ 11. Nxc3 Nxe3 12. fxe3 Rxe3 13. Qd2 Qh4+ 14. g3
Rxg3 15. O-O-O Rg2 16. Rdg1 Rxg1+ 17. Rxg1 Bf5 18. Nd5 Nc6 19. Bb5 Nxd4 20.
Ne7+ Qxe7 21. Qxd4 Bg6 22. Rd1 c6 23. Bc4 h6 24. Qd7 Qe3+ 25. Kb1 b5 26. Bd3
Bxd3 27. Rxd3 Qe1+ 28. Ka2 Qe6+ 29. Qxe6 fxe6 30. Rd6 Kf7 31. Rxc6 a5 32. Rb6
b4 33. axb4 axb4+ 34. Kb3 Kf6 35. Kxb4 Kf5 36. c4 g5 37. Rb7 e5 38. c5 e4 39.
Rh7 Rb8+ 40. Kc3 Kg6 41. Re7 Kf5 42. b4 Kf4 43. b5 e3 44. Kc4 Kf3 45. b6 e2 46.
Kb5 Rb7 47. Re6 Rf7 48. c6 {Normal} 1-0

[Event "Rated Blitz game"]
[Site "?"]
[Date "2021.10.20"]
[Round "?"]
[White "Fidel0829"]
[Black "elrond"]
[Result "0-1"]
[WhiteElo "2305"]
[BlackElo "2477"]
[PlyCount "78"]
[EventDate "2021.??.??"]
[EventType "blitz"]

1. e4 e5 2. Nf3 d5 3. exd5 e4 4. Qe2 Nf6 5. d3 Bb4+ 6. c3 Be7 7. dxe4 O-O 8.
Be3 Nxe4 9. Nbd2 Qxd5 10. O-O-O Nxc3 11. bxc3 Qxa2 12. Nb1 Qa1 13. Qb2 Qa5 14.
Bd3 Nc6 15. Bc2 Bg4 16. h3 Bxf3 17. gxf3 Ne5 18. f4 Nc4 19. Qb3 b5 20. Rhg1 c5
21. Rd5 Qb6 22. Na3 Nxe3 23. fxe3 c4 24. Rxg7+ Kxg7 25. Qb2 Qxe3+ 26. Kb1 a6
27. Ka2 Bf6 28. Nb1 Rfd8 29. Rh5 h6 30. Qb4 Qxf4 31. Qc5 Bg5 32. h4 Bxh4 33.
Rxh4 Qxh4 34. Qf5 Rd3 35. Bxd3 cxd3 36. Qxd3 Rd8 37. Qf5 Qf6 38. Qg4+ Kh8 39.
Qh3 Qe6+ {Normal} 0-1

[Event "Rated Blitz game"]
[Site "?"]
[Date "2021.10.20"]
[Round "?"]
[White "MrDolci"]
[Black "specialprize4u"]
[Result "1-0"]
[WhiteElo "2257"]
[BlackElo "2413"]
[PlyCount "41"]
[EventDate "2021.??.??"]
[EventType "blitz"]

1. e4 e5 2. Nf3 d5 3. Nxe5 Bd6 4. d4 dxe4 5. f4 exf3 6. Nxf3 Nf6 7. Bd3 O-O 8.
O-O Bg4 9. c4 Nc6 10. Be3 Re8 11. Qd2 Bb4 12. Nc3 Bxf3 13. Rxf3 Nxd4 14. Bxd4
Qxd4+ 15. Kh1 Rad8 16. Rd1 Qh4 17. Qc2 Ng4 18. g3 Qh5 19. Nd5 Nxh2 20. Rf5 g5
21. Nf6+ {Normal} 1-0

[Event "Rated Blitz game"]
[Site "?"]
[Date "2021.10.20"]
[Round "?"]
[White "vova4121978"]
[Black "batasjon"]
[Result "0-1"]
[WhiteElo "2283"]
[BlackElo "2435"]
[PlyCount "76"]
[EventDate "2021.??.??"]
[EventType "blitz"]

1. e4 e5 2. Nf3 d5 3. exd5 e4 4. Ne5 Qxd5 5. d4 exd3 6. Nxd3 Nf6 7. Nc3 Qf5 8.
Be2 Bd6 9. O-O O-O 10. h3 Nc6 11. Be3 Re8 12. Qd2 Qg6 13. Kh1 Bf5 14. Nb5 Ne4
15. Qe1 Bg3 16. Nf4 Qg5 17. Nh5 Qxe3 18. fxe3 Bxe1 19. Raxe1 Bg6 20. Nxc7 Bxh5
21. Bxh5 Ng3+ 22. Kg1 Nxh5 23. Nxa8 Rxa8 24. g4 Nf6 25. Rf4 Rd8 26. Kf2 Kf8 27.
c3 Ne5 28. Ke2 Ke7 29. Rd4 Rc8 30. g5 Ne8 31. Red1 Nc7 32. e4 Ne6 33. Rd5 Nf4+
34. Ke3 Nxd5+ 35. Rxd5 Ke6 36. h4 b6 37. Kd4 f6 38. Ke3 Nc4+ {Normal} 0-1

[Event "Rated Blitz game"]
[Site "?"]
[Date "2021.10.20"]
[Round "?"]
[White "ackaliyorabisi"]
[Black "Annali-annaliew1979"]
[Result "0-1"]
[WhiteElo "2421"]
[BlackElo "2405"]
[PlyCount "64"]
[EventDate "2021.??.??"]
[EventType "blitz"]

1. e4 e5 2. Nf3 d5 3. exd5 e4 4. Qe2 f5 5. d3 Nf6 6. Nfd2 Be7 7. dxe4 fxe4 8.
Nxe4 Nxe4 9. Qxe4 O-O 10. Bd3 Bf5 11. Qe2 Bxd3 12. Qxd3 Bd6 13. Nc3 Nd7 14. Be3
a6 15. O-O-O Ne5 16. Qd4 Qe8 17. h3 b5 18. Ne4 Nc4 19. Rhe1 Be5 20. Qd3 Nxb2
21. Qb3 Nc4 22. Nd2 Rb8 23. Bc5 Rf5 24. g4 Rf6 25. Re4 Nxd2 26. Kxd2 Bf4+ 27.
Kd3 Qg6 28. d6+ Kh8 29. dxc7 Bxc7 30. Rde1 Rf3+ 31. Be3 Ba5 32. c3 Rd8+ {Normal
} 0-1

[Event "Rated Blitz game"]
[Site "?"]
[Date "2021.10.20"]
[Round "?"]
[White "Sijavush"]
[Black "ahoramahora"]
[Result "1-0"]
[WhiteElo "2519"]
[BlackElo "2446"]
[PlyCount "25"]
[EventDate "2021.??.??"]
[EventType "blitz"]

1. e4 e5 2. Nf3 d5 3. exd5 e4 4. Ne5 Qxd5 5. d4 exd3 6. Nxd3 Bf5 7. Nc3 Qd7 8.
Be3 Nc6 9. Be2 O-O-O 10. O-O Nf6 11. b4 Nxb4 12. Rb1 Qxd3 13. cxd3 {Normal} 1-0

[Event "Rated Blitz game"]
[Site "?"]
[Date "2021.10.20"]
[Round "?"]
[White "Countdown_Chess"]
[Black "lavilaine"]
[Result "0-1"]
[WhiteElo "2276"]
[BlackElo "2416"]
[PlyCount "38"]
[EventDate "2021.??.??"]
[EventType "blitz"]

1. e4 e5 2. Nf3 d5 3. exd5 e4 4. Nd4 Qxd5 5. Nb3 Qe5 6. Nc3 Bd6 7. Bc4 f5 8.
Qe2 Nf6 9. d3 Nc6 10. dxe4 fxe4 11. g3 Bg4 12. Qe3 Bf3 13. O-O Ng4 14. Qg5 h6
15. Qxe5+ Ncxe5 16. Be2 O-O-O 17. h3 h5 18. hxg4 hxg4 19. Bxf3 Nxf3+ {Normal}
0-1

[Event "Rated Blitz game"]
[Site "?"]
[Date "2021.10.20"]
[Round "?"]
[White "Nurlan_Ibrayev"]
[Black "Pepiton61"]
[Result "0-1"]
[WhiteElo "2448"]
[BlackElo "2374"]
[PlyCount "84"]
[EventDate "2021.??.??"]
[EventType "blitz"]

1. e4 e5 2. Nf3 d5 3. Nxe5 Bd6 4. d4 dxe4 5. Nc3 Nf6 6. Bg5 O-O 7. Bc4 Nc6 8.
Nxc6 bxc6 9. O-O Bf5 10. f3 exf3 11. Qxf3 Bxc2 12. Qxc6 Qd7 13. Qf3 Bg6 14.
Bxf6 gxf6 15. Nd5 Qd8 16. Nxf6+ Kh8 17. h4 Be7 18. Rad1 Bxf6 19. Qxf6+ Qxf6 20.
Rxf6 Rab8 21. b3 Rb6 22. Rdf1 Rxf6 23. Rxf6 Rd8 24. Rc6 Rxd4 25. Rxc7 Rxh4 26.
Rxa7 Kg7 27. a4 Re4 28. a5 Re1+ 29. Kf2 Ra1 30. a6 Ra2+ 31. Kf3 h5 32. g3 Kf6
33. Rb7 Ke5 34. a7 Kd4 35. Rd7+ Kc5 36. Bd5 Rxa7 37. Rxa7 Kxd5 38. Kf4 Kc5 39.
Kg5 Kb6 40. Ra4 Kb5 41. Rh4 Kb6 42. Rxh5 Kc7 {Time forfeit} 0-1

[Event "Rated Blitz game"]
[Site "?"]
[Date "2021.10.20"]
[Round "?"]
[White "Rom256"]
[Black "elrond"]
[Result "1-0"]
[WhiteElo "2319"]
[BlackElo "2477"]
[PlyCount "121"]
[EventDate "2021.??.??"]
[EventType "blitz"]

1. e4 e5 2. Nf3 d5 3. exd5 e4 4. Qe2 Nf6 5. d3 Bb4+ 6. c3 O-O 7. dxe4 Bc5 8.
Bg5 Re8 9. Nbd2 c6 10. O-O-O cxd5 11. e5 Qb6 12. Qb5 Nfd7 13. Qxb6 Bxb6 14. Bb5
Bxf2 15. Rhf1 Bb6 16. e6 Rxe6 17. Nb3 Nf6 18. Bxf6 Rxf6 19. Rxd5 Bf5 20. Nbd4
Bg6 21. Ne5 Rxf1+ 22. Bxf1 Be4 23. Rb5 Na6 24. Nd7 Bxd4 25. cxd4 Rd8 26. Re5
Bg6 27. Bxa6 bxa6 28. d5 f6 29. Re7 Bf5 30. Nc5 Rc8 31. b4 a5 32. a3 axb4 33.
axb4 a5 34. Kb2 axb4 35. Na6 Rc2+ 36. Kb3 Rxg2 37. d6 Rxh2 38. d7 Bxd7 39. Rxd7
h5 40. Nxb4 h4 41. Nd5 h3 42. Ne7+ Kf7 43. Rc7 Rg2 44. Nf5+ Ke6 45. Nxg7+ Ke5
46. Rc5+ Ke4 47. Rc4+ Kf3 48. Rc3+ Kg4 49. Rc4+ Kg3 50. Rc3+ Kh2 51. Nh5 Rf2
52. Kc4 Kg2 53. Rg3+ Kh2 54. Re3 Kg2 55. Rg3+ Kh2 56. Rg6 f5 57. Kd4 f4 58. Ke4
Rg2 59. Rb6 Kg1 60. Nxf4 h2 61. Rb1+ {Time forfeit} 1-0

[Event "Rated Blitz game"]
[Site "?"]
[Date "2021.10.20"]
[Round "?"]
[White "DerStudier"]
[Black "Taabling"]
[Result "1-0"]
[WhiteElo "2517"]
[BlackElo "2535"]
[PlyCount "115"]
[EventDate "2021.??.??"]
[EventType "blitz"]

1. e4 e5 2. Nf3 d5 3. exd5 Bd6 4. d4 e4 5. Ne5 Nf6 6. Bb5+ Nbd7 7. c4 O-O 8.
Nxd7 Bxd7 9. Bxd7 Qxd7 10. O-O b6 11. Nc3 Rae8 12. Bg5 Qf5 13. Bxf6 Qxf6 14.
Qg4 Qe7 15. Rae1 f5 16. Qh3 Qf6 17. Qe3 f4 18. Qh3 Qg6 19. a3 a5 20. Nb5 Rf5
21. g3 Ref8 22. Nxd6 cxd6 23. Rxe4 fxg3 24. hxg3 R5f6 25. Qg4 Qh6 26. Re6 Qd2
27. Rxf6 Rxf6 28. Qc8+ Kf7 29. Qd7+ Kg6 30. Qg4+ Kf7 31. b3 h6 32. Qh5+ Kg8 33.
Qe8+ Kh7 34. Qe4+ Kh8 35. Qe3 Qb2 36. a4 Qc2 37. Re1 Rf8 38. Re2 Qd1+ 39. Kg2
Qb1 40. Qe7 Qf5 41. Qe4 Qf6 42. f4 h5 43. Qe7 Qf5 44. Qxd6 Rf6 45. Qe5 Qg4 46.
Qe8+ Kh7 47. Re5 Rg6 48. Rg5 Rxg5 49. fxg5 Qxg5 50. Qe4+ g6 51. Kf3 Qf6+ 52.
Qf4 Qd8 53. d6 g5 54. Qf7+ Kh6 55. Qe7 g4+ 56. Kf4 Qh8 57. Qg5+ Kh7 58. Qxh5+ {
Normal} 1-0

[Event "Rated Blitz game"]
[Site "?"]
[Date "2021.10.20"]
[Round "?"]
[White "z2win"]
[Black "ahoramahora"]
[Result "1-0"]
[WhiteElo "2513"]
[BlackElo "2458"]
[PlyCount "49"]
[EventDate "2021.??.??"]
[EventType "blitz"]

1. e4 e5 2. Nf3 d5 3. d4 dxe4 4. Nxe5 Nd7 5. Nc4 Ngf6 6. Nc3 h6 7. Bf4 c6 8.
Qd2 Bb4 9. a3 Bxc3 10. Nd6+ Kf8 11. Qxc3 Nd5 12. Qd2 Qf6 13. Bg3 h5 14. h4 Qg6
15. O-O-O e3 16. Qe1 exf2 17. Qxf2 N7f6 18. Bd3 Qh6+ 19. Kb1 Bg4 20. Rde1 b6
21. c4 Ne7 22. Rhf1 b5 23. Bf4 g5 24. Bxg5 Qg7 25. Bxf6 {Normal} 1-0

[Event "Rated Blitz game"]
[Site "?"]
[Date "2021.10.20"]
[Round "?"]
[White "dreamonus"]
[Black "ProfessorDrovel"]
[Result "1-0"]
[WhiteElo "2405"]
[BlackElo "2381"]
[PlyCount "43"]
[EventDate "2021.??.??"]
[EventType "blitz"]

1. e4 e5 2. Nf3 d5 3. Nxe5 dxe4 4. Bc4 Be6 5. Bxe6 fxe6 6. Qh5+ g6 7. Nxg6 Nf6
8. Qh3 hxg6 9. Qxh8 Nc6 10. O-O Qe7 11. d3 O-O-O 12. Bg5 Bg7 13. Qh4 exd3 14.
cxd3 Rxd3 15. Nc3 Rd4 16. Qh3 Qf7 17. Rad1 Rxd1 18. Rxd1 b6 19. Qf3 Kb7 20. Ne4
Ne5 21. Nd6+ Ka6 22. Qa3# {Normal} 1-0

[Event "Rated Blitz game"]
[Site "?"]
[Date "2021.10.20"]
[Round "?"]
[White "MRMANiA"]
[Black "Annali-annaliew1979"]
[Result "1-0"]
[WhiteElo "2517"]
[BlackElo "2415"]
[PlyCount "87"]
[EventDate "2021.??.??"]
[EventType "blitz"]

1. e4 e5 2. Nf3 d5 3. exd5 e4 4. Qe2 f5 5. d3 Nf6 6. Nc3 Bb4 7. dxe4 Bxc3+ 8.
bxc3 fxe4 9. Ba3 Qxd5 10. Nd4 c5 11. Qb5+ Bd7 12. Qxc5 Qxc5 13. Bxc5 Nc6 14.
Bb5 O-O-O 15. Nxc6 Bxc6 16. Bxc6 bxc6 17. Bxa7 Nd5 18. Bd4 c5 19. Bxc5 Nxc3 20.
O-O Rhe8 21. a4 Kb7 22. a5 Ka6 23. Bb6 Rd2 24. h3 Rxc2 25. Kh2 Rf8 26. Rfc1
Rxc1 27. Rxc1 Nd5 28. Bd4 Rf7 29. h4 g6 30. g3 Rf3 31. Rc6+ Kb7 32. Re6 e3 33.
a6+ Kb8 34. a7+ Kb7 35. Re8 Rxf2+ 36. Kh3 Nc7 37. Re7 Ra2 38. Bxe3 Kc6 39. Rxh7
Nd5 40. Rh8 Nxe3 41. a8=Q+ Rxa8 42. Rxa8 Kd5 43. Rf8 Ke6 44. Re8+ {Normal} 1-0

[Event "Rated Rapid game"]
[Site "?"]
[Date "2021.10.20"]
[Round "?"]
[White "CNRoss"]
[Black "Oberlappen"]
[Result "1-0"]
[WhiteElo "2441"]
[BlackElo "2315"]
[PlyCount "49"]
[EventDate "2021.??.??"]
[EventType "rapid"]

1. e4 e5 2. Nf3 d5 3. exd5 Bd6 4. d4 e4 5. Ne5 Nf6 6. Bb5+ c6 7. dxc6 Nxc6 8.
Nxc6 bxc6 9. Bxc6+ Bd7 10. Bxa8 Qxa8 11. Bg5 e3 12. O-O Ng4 13. h3 Nxf2 14. Qe2
Qe4 15. Nc3 Nxh3+ 16. gxh3 Qg6 17. Qxe3+ Kf8 18. Kh1 Qxc2 19. Rf2 Qg6 20. Raf1
h6 21. Bh4 Bc6+ 22. d5 Be8 23. Ne4 Be5 24. Bg3 Bxg3 25. Nxg3 {Normal} 1-0

[Event "Rated Blitz game"]
[Site "?"]
[Date "2021.10.20"]
[Round "?"]
[White "marakis"]
[Black "shypo0o0o0rchi"]
[Result "1-0"]
[WhiteElo "2470"]
[BlackElo "2483"]
[PlyCount "41"]
[EventDate "2021.??.??"]
[EventType "blitz"]

1. e4 e5 2. Nf3 d5 3. Nxe5 dxe4 4. d4 c5 5. Bb5+ Nd7 6. Nc3 a6 7. Bxd7+ Bxd7 8.
dxc5 Bxc5 9. Qxd7+ Qxd7 10. Nxd7 Kxd7 11. Nxe4 Bb6 12. O-O Nf6 13. Nxf6+ gxf6
14. Bf4 Rad8 15. Rad1+ Ke6 16. Bg3 Rhe8 17. Rfe1+ Kf5 18. Kf1 Re6 19. Rxd8 Bxd8
20. Rd1 Ba5 21. Rd5+ {Normal} 1-0

[Event "Rated Blitz game"]
[Site "?"]
[Date "2021.10.20"]
[Round "?"]
[White "Kotletka_94"]
[Black "Annali-annaliew1979"]
[Result "1-0"]
[WhiteElo "2464"]
[BlackElo "2407"]
[PlyCount "87"]
[EventDate "2021.??.??"]
[EventType "blitz"]

1. e4 e5 2. Nf3 d5 3. exd5 e4 4. Qe2 f5 5. d3 Nf6 6. dxe4 fxe4 7. Nc3 Bb4 8.
Qb5+ c6 9. Qxb4 exf3 10. Bg5 a5 11. Qc5 b6 12. Qe3+ Kf7 13. O-O-O Re8 14. Qxf3
Bg4 15. Bxf6 Bxf3 16. Bxd8 Bxd1 17. Bxb6 Bg4 18. Bc4 cxd5 19. Bxd5+ Be6 20.
Bxa8 Nd7 21. Bxa5 Rxa8 22. Bb4 Ne5 23. a3 h6 24. f3 g5 25. Re1 Nc4 26. Ne4 Rd8
27. Bc5 Bf5 28. b3 Bxe4 29. bxc4 Bf5 30. Bb4 Rc8 31. c5 Rc6 32. Kb2 h5 33. Kc3
Kf6 34. Kc4 Bxc2 35. Kb5 Rc8 36. c6 Ra8 37. c7 Bf5 38. Kb6 g4 39. fxg4 hxg4 40.
Rf1 Kg6 41. Rxf5 Kxf5 42. Kb7 Re8 43. c8=Q+ Rxc8 44. Kxc8 {Normal} 1-0

[Event "Rated Blitz game"]
[Site "?"]
[Date "2021.10.20"]
[Round "?"]
[White "r178r7"]
[Black "elrond"]
[Result "0-1"]
[WhiteElo "2446"]
[BlackElo "2467"]
[PlyCount "72"]
[EventDate "2021.??.??"]
[EventType "blitz"]

1. e4 e5 2. Nf3 d5 3. exd5 e4 4. Qe2 Nf6 5. d3 Bb4+ 6. Bd2 O-O 7. Bxb4 exf3 8.
Qd2 Re8+ 9. Kd1 Qxd5 10. g3 c5 11. Bc3 Ng4 12. h3 Ne5 13. b3 Nbc6 14. a4 Nd4
15. Bxd4 Qxd4 16. Nc3 Bf5 17. Rb1 Rad8 18. Kc1 a6 19. Nd1 b5 20. Ne3 Be6 21. c3
Qd6 22. Kc2 c4 23. bxc4 bxc4 24. d4 Qa3 25. Qc1 Qxa4+ 26. Kd2 Nc6 27. Ra1 Qb5
28. Qa3 Nxd4 29. cxd4 Rxd4+ 30. Kc1 Red8 31. Rb1 Qg5 32. Kc2 Rd2+ 33. Kc3 Qe5+
34. Kb4 Rb8+ 35. Ka4 Bd7+ 36. Rb5 Qxb5# {Normal} 0-1

[Event "Rated Blitz game"]
[Site "?"]
[Date "2021.10.20"]
[Round "?"]
[White "hima_saber80"]
[Black "Pandatoast"]
[Result "0-1"]
[WhiteElo "2560"]
[BlackElo "2566"]
[PlyCount "122"]
[EventDate "2021.??.??"]
[EventType "blitz"]

1. e4 e5 2. Nf3 d5 3. d4 dxe4 4. Nxe5 Bd6 5. Bc4 Bxe5 6. Qh5 Qf6 7. dxe5 Qf5 8.
Qxf5 Bxf5 9. Nc3 Nc6 10. Bf4 Nge7 11. O-O-O Ng6 12. Bg3 Ngxe5 13. Bb5 O-O 14.
Rhe1 a6 15. Bxc6 Nxc6 16. Bxc7 Rfe8 17. Bb6 Rac8 18. Nd5 Bg6 19. h4 f5 20. a3
Bf7 21. Nf4 Ne5 22. Kb1 Rc6 23. Bd4 Nc4 24. f3 h6 25. h5 Kh7 26. g4 fxg4 27.
fxg4 e3 28. Nh3 Nd2+ 29. Kc1 Nb3+ 30. Kb1 Nd2+ 31. Kc1 Rec8 32. Bc3 Rxc3 33.
bxc3 Rxc3 34. Nf4 Bb3 35. Rxd2 exd2+ 36. Kxd2 Rxc2+ 37. Kd3 Rf2 38. Ng6 Bc2+
39. Ke3 Rf7 40. Nf4 Re7+ 41. Kf2 Rxe1 42. Kxe1 g5 43. hxg6+ Bxg6 44. a4 Bf7 45.
a5 Kg7 46. Kf2 Kf6 47. Kg3 Ke5 48. Nd3+ Kd4 49. Nb4 Kc5 50. Nd3+ Kb5 51. Ne5
Be8 52. Kf4 Kxa5 53. Nd3 b5 54. Ke5 Bd7 55. Kf4 Kb6 56. Ne5 Be8 57. g5 hxg5+
58. Kxg5 a5 59. Kf4 b4 60. Ke3 Kc5 61. Kd2 Bb5 {Time forfeit} 0-1

[Event "Rated Blitz game"]
[Site "?"]
[Date "2021.10.20"]
[Round "?"]
[White "diolley"]
[Black "ahoramahora"]
[Result "1-0"]
[WhiteElo "2532"]
[BlackElo "2414"]
[PlyCount "65"]
[EventDate "2021.??.??"]
[EventType "blitz"]

1. e4 e5 2. Nf3 d5 3. Nxe5 Bd6 4. d4 dxe4 5. Nc4 Nf6 6. Nc3 h6 7. Be2 O-O 8.
O-O Nc6 9. Be3 Bf5 10. Qd2 Bg6 11. Rfe1 Bb4 12. a3 Bxc3 13. Qxc3 Nd5 14. Qb3
Rb8 15. Bd2 Kh8 16. c3 f5 17. Ne5 Nxe5 18. dxe5 f4 19. Rad1 f3 20. Bf1 fxg2 21.
Bxg2 c6 22. c4 Nb6 23. Bxh6 Qh4 24. Be3 Bh5 25. Rd6 Bf3 26. Rg6 Nd7 27. Qc3
Rbe8 28. e6 Nf6 29. Rg3 Nh5 30. Bg5 e3 31. Bxh4 exf2+ 32. Kxf2 Nxg3 33. Bxg3 {
Normal} 1-0